000 00845nam a22002057a 4500
999 _c8277
_d8277
008 190322b ||||| |||| 00| 0 spa d
040 _aMUNICIPALIDAD PROVINCIAL DEL CUSCO
_cBIBLIOTECA MUNICIPAL DEL CUSCO
082 _a333.9856 /
_bV66
245 _aDesarrollo Autosostenido Andino :
_bVía Campesina /
260 _aCusco - Perú :
_bIIun
_c1990.
300 _a273 páginas ;
_c21cm
505 _aContenido: Cultura andina y ciencia -- Producción, racionalidad y tecnología -- Dialogar el desarrollo -- Realidad y desarrollo campesino -- Conocimiento para la producción de subsistencia...
650 _aCampesinos
_94401
650 _aDesarrollo
_92021
650 _aComunidad
_940
700 _aVillasante Llerena, Marco (editor)
_923288
700 _aVroonhoven, Laurens van (editor)
_923289
942 _2ddc
_cLIBROS
945 _anom